Loading...
| Literature - American Literature | 1 | 5 | 0 | 1 | 65 | 65 | 104.17 | 3 | 5 |
| Literature - World Literature | 2 | 3 | 1 | 0 | 55 | 69 | 100.20 | 0 | 4 |
| Literature - British Literature | 2 | 3 | 1 | 0 | 55 | 60 | 91.80 | 1 | 3 |
| Fine Arts - Other Arts | 1 | 2 | 0 | 0 | 35 | 67 | 110.33 | 0 | 1 |
| Science - Chemistry | 1 | 1 | 0 | 0 | 25 | 68 | 76.00 | 1 | 2 |
| Religion | 0 | 2 | 0 | 0 | 20 | 139 | 147.50 | 0 | 1 |
| Philosophy | 0 | 2 | 0 | 0 | 20 | 87 | 103.00 | 1 | 2 |
| Mythology | 1 | 0 | 0 | 0 | 15 | 81 | 81.00 | 1 | 1 |
| Fine Arts - Classical Music and Opera | 0 | 1 | 0 | 0 | 10 | 123 | 123.00 | 0 | 0 |
| History - American History | 1 | 0 | 1 | 0 | 10 | 98 | 98.00 | 0 | 1 |
| History - European History | 0 | 1 | 0 | 0 | 10 | 112 | 112.00 | 0 | 0 |
| History - World History | 0 | 1 | 0 | 1 | 10 | 142 | 142.00 | 0 | 1 |
| Literature - European Literature | 0 | 1 | 0 | 0 | 10 | 139 | 139.00 | 0 | 1 |
| Other Culture | 0 | 1 | 0 | 0 | 10 | 130 | 130.00 | 0 | 0 |
| Social Science | 0 | 0 | 0 | 0 | 0 | 0.00 | 0 | 0 | |
| Other Science (Astronomy) | 0 | 0 | 1 | 0 | -5 | 0.00 | 0 | 0 | |
| History - Other History | 0 | 0 | 1 | 0 | -5 | 0.00 | 0 | 0 | |
| Geography | 0 | 0 | 1 | 0 | -5 | 0.00 | 0 | 0 |